000 00647nam a2200265Ia 4500
005 20260121170322.0
008 008 260114s9999 xx 000 0 eng d
020 _a9783319610030
037 _aEBOOK
040 _aCRL
040 _beng
040 _cCRL
041 _2eng
041 _aeng
084 _qCRL
100 _aJean-Frédéric Morin, Jonathan Paquin
_91062450
245 0 _aForeign Policy Analysis
260 _bSpringer
260 _bSpringer
260 _c2018
856 _uhttps://link.springer.com/openurl?genre=book&isbn=978-3-319-61003-0
942 _cEBOOK
999 _c1628179
_d1628179